[Event "TCh-TUR 2014"]
[Site "Konya TUR"]
[Date "2014.06.26"]
[Round "5.2"]
[White "Miyak, Melih Burak"]
[Black "Abdulov, Orkhan"]
[Result "1/2-1/2"]
[BlackTitle "IM"]
[WhiteElo "2095"]
[BlackElo "2348"]
[WhiteTeam "Burdur 90.Yil Spor Kulubu"]
[BlackTeam "Callica Genclik Ve Spor Kulubu"]
[WhiteFideId "6300618"]
[BlackFideId "13402714"]
[EventDate "2014.06.23"]

1. e4 c5 2. Nf3 e6 3. d3 Nc6 4. g3 g6 5. Bg2 Bg7 6. O-O Nge7 7. Qe2 O-O 8. c3 b6
9. Na3 Ba6 10. e5 d6 11. exd6 Qxd6 12. Nc4 Bxc4 13. dxc4 Rad8 14. Re1 Qd3 15.
Bf1 Qxe2 16. Bxe2 Rd7 17. Rd1 Rxd1+ 18. Bxd1 Rd8 19. Be2 e5 20. Ne1 e4 21. f3 f5
22. f4 Kf7 23. Nc2 Ke6 24. Be3 Bf6 25. Rd1 Rxd1+ 26. Bxd1 Nc8 27. Be2 Nd6 28.
Bd2 Na5 29. b3 Nc6 30. h4 h6 31. Ne3 Ne7 32. Kf2 Ne8 33. Nc2 Nc7 34. Na3 a6 35.
Nc2 h5 36. Ne3 Kd6 37. Nc2 Nc6 38. Ne3 Ne7 39. Nc2 Nc6 40. Ne3 Ne7 1/2-1/2

[Event "TCh-TUR 2014"]
[Site "Konya TUR"]
[Date "2014.06.26"]
[Round "5.2"]
[White "Metin, Mehmet"]
[Black "Onem, Cem"]
[Result "1/2-1/2"]
[WhiteElo "2183"]
[BlackElo "1944"]
[WhiteTeam "Callica Genclik Ve Spor Kulubu"]
[BlackTeam "Burdur 90.Yil Spor Kulubu"]
[WhiteFideId "6303730"]
[BlackFideId "6303625"]
[EventDate "2014.06.23"]

1. Nf3 d5 2. d4 Nf6 3. Bf4 e6 4. e3 Be7 5. c4 O-O 6. Nc3 c6 7. Qc2 Nbd7 8. Bd3
a6 9. Ne5 h6 10. O-O Nxe5 11. Bxe5 Nd7 12. Bg3 dxc4 13. Bxc4 b5 14. Be2 Bb7 15.
Ne4 Qb6 16. Rac1 e5 17. dxe5 c5 18. Rfd1 Qe6 19. f4 Bc6 20. Bf3 Kh8 21. b3 f5
22. Nd6 Bxf3 23. gxf3 Ra7 24. Be1 Rc7 25. Qe2 Rc6 26. Qd3 Bxd6 27. exd6 Rf6 28.
Qd5 1/2-1/2

[Event "TCh-TUR 2014"]
[Site "Konya TUR"]
[Date "2014.06.26"]
[Round "5.2"]
[White "Bayik, Hasan"]
[Black "Yelligedik, Murat"]
[Result "1/2-1/2"]
[WhiteElo "2042"]
[BlackElo "1846"]
[WhiteTeam "Burdur 90.Yil Spor Kulubu"]
[BlackTeam "Callica Genclik Ve Spor Kulubu"]
[WhiteFideId "6318398"]
[BlackFideId "6366457"]
[EventDate "2014.06.23"]

1. Nf3 c5 2. c4 g6 3. Nc3 Bg7 4. g3 Nc6 5. Bg2 e5 6. d3 Nge7 7. e4 d6 8. Be3 O-O
9. Qd2 Nd4 10. O-O Rb8 11. h4 Bh3 12. Bxd4 Bxg2 13. Kxg2 exd4 14. Nd5 f5 15. Ng5
Bh6 16. f4 Bxg5 17. hxg5 Nxd5 18. exd5 Qd7 19. Rfe1 Rfe8 20. Qa5 b6 21. Qb5 Qxb5
22. cxb5 Kf7 23. Kf2 Rb7 24. Rxe8 Kxe8 25. Re1+ Re7 26. Rxe7+ Kxe7 27. Ke2 Kf7
28. Kd2 Kg7 29. Kc2 h5 30. b4 Kf7 31. Kb3 Ke7 32. a4 Kd7 33. a5 Kc7 34. Kc4 Kd7 1/2-1/2

[Event "TCh-TUR 2014"]
[Site "Konya TUR"]
[Date "2014.06.26"]
[Round "5.2"]
[White "Simsek, Meltem"]
[Black "Semenova, Elena1"]
[Result "0-1"]
[BlackTitle "WIM"]
[WhiteElo "1731"]
[BlackElo "2215"]
[WhiteTeam "Callica Genclik Ve Spor Kulubu"]
[BlackTeam "Burdur 90.Yil Spor Kulubu"]
[WhiteFideId "6306594"]
[BlackFideId "24125148"]
[EventDate "2014.06.23"]

1. d4 d5 2. c4 e5 3. dxe5 d4 4. Nf3 Nc6 5. a3 Nge7 6. Bg5 Bg4 7. Nbd2 Qd7 8.
Bxe7 Bxe7 9. h3 Bh5 10. Qb3 O-O 11. g4 Bg6 12. e4 f6 13. Nh4 Bf7 14. Nf5 fxe5
15. Nxe7+ Nxe7 16. Qg3 Ng6 17. Nf3 Qc6 18. Bd3 Rae8 19. Ng5 Nf4 20. Nxf7 Rxf7
21. O-O Qh6 22. Kh2 Ref8 23. Rad1 Nxh3 24. Qxh3 Rxf2+ 25. Rxf2 Rxf2+ 26. Kg1
Qxh3 27. Kxf2 Qxg4 28. Rd2 c5 29. b4 b6 30. Bc2 h5 31. Bd3 h4 0-1

[Event "TCh-TUR 2014"]
[Site "Konya TUR"]
[Date "2014.06.26"]
[Round "5.2"]
[White "Bulduk, Ibrahim Ege"]
[Black "Zor, Alber Kadir"]
[Result "0-1"]
[WhiteElo "1833"]
[BlackElo "1963"]
[WhiteTeam "Burdur 90.Yil Spor Kulubu"]
[BlackTeam "Callica Genclik Ve Spor Kulubu"]
[WhiteFideId "6310621"]
[BlackFideId "6353169"]
[EventDate "2014.06.23"]

1. e4 g6 2. d4 Bg7 3. Nf3 c5 4. c3 cxd4 5. cxd4 d5 6. e5 Nc6 7. Bb5 Bd7 8. Nc3
e6 9. O-O Nge7 10. Bf4 O-O 11. Qd2 Qb6 12. Be2 Nf5 13. Rfd1 f6 14. Na4 Qd8 15.
Nc5 fxe5 16. dxe5 Qc7 17. Rac1 Rad8 18. b4 Qb8 19. b5 Nxe5 20. g4 Nxf3+ 21. Bxf3
Nh4 22. Bxb8 Nxf3+ 23. Kg2 Nxd2 24. Rxd2 Bh6 25. f4 Rxb8 26. g5 Rbc8 27. Rdc2
Bxb5 28. gxh6 Bc4 29. Nxe6 Rf6 30. Ng5 Rxf4 31. Kg3 Rf5 32. h4 Re8 33. Rc3 b5
34. Rd1 b4 35. Rxc4 dxc4 36. Rd7 Rxg5+ 37. hxg5 Rc8 38. Rg7+ Kh8 39. Re7 c3 40.
Re1 c2 41. Rc1 a5 42. Kf3 a4 43. Ke3 b3 44. axb3 axb3 45. Kd3 b2 0-1

[Event "TCh-TUR 2014"]
[Site "Konya TUR"]
[Date "2014.06.26"]
[Round "5.2"]
[White "Caglar, Ahmet Ata"]
[Black "Saba, Zafer Rabin"]
[Result "1/2-1/2"]
[WhiteElo "1841"]
[BlackElo "1895"]
[WhiteTeam "Callica Genclik Ve Spor Kulubu"]
[BlackTeam "Burdur 90.Yil Spor Kulubu"]
[WhiteFideId "6328636"]
[BlackFideId "6329500"]
[EventDate "2014.06.23"]

1. d4 Nf6 2. c4 g6 3. Nc3 d5 4. Nf3 Bg7 5. Bf4 O-O 6. e3 c5 7. dxc5 Ne4 8. Rc1
Nxc3 9. bxc3 dxc4 10. Qxd8 Rxd8 11. Bxc4 Nd7 12. Ng5 Rf8 13. Ne4 Ne5 14. Bxe5
Bxe5 15. Ke2 Bf5 16. Ng3 Bxg3 17. hxg3 Rac8 18. Bd3 Bxd3+ 19. Kxd3 Rxc5 20. Rh4
Rfc8 21. Rb4 b6 22. Rc2 Kg7 23. a4 Kf6 24. Rb5 Rd8+ 25. Ke2 Rdc8 26. Kd3 Ke6 27.
Rb4 R8c7 28. Re4+ Kd7 29. Rb4 e5 30. g4 f6 31. Rc1 Ke6 32. Rc2 f5 33. gxf5+ gxf5
34. f3 Rg7 35. Rh4 Rd5+ 36. Kc4 Rd1 37. Rh6+ Ke7 38. a5 Rd6 39. Rxd6 Kxd6 40.
axb6 axb6 41. Kb5 Kc7 42. Ra2 Kb7 43. Rd2 Kc7 44. Ra2 1/2-1/2

[Event "TCh-TUR 2014"]
[Site "Konya TUR"]
[Date "2014.06.26"]
[Round "5.2"]
[White "Kahya, Gizem"]
[Black "Incecik, Seyma Zeynep"]
[Result "0-1"]
[WhiteElo "1684"]
[BlackElo "1477"]
[WhiteTeam "Burdur 90.Yil Spor Kulubu"]
[BlackTeam "Callica Genclik Ve Spor Kulubu"]
[WhiteFideId "6336124"]
[BlackFideId "6374948"]
[EventDate "2014.06.23"]

1. e4 e5 2. Nf3 Nc6 3. Bb5 f5 4. d3 fxe4 5. dxe4 Nf6 6. Be3 Nxe4 7. O-O Be7 8.
Bc4 Nf6 9. Nc3 Na5 10. Bd3 d6 11. h3 O-O 12. b4 Nc6 13. Bc4+ Kh8 14. Ng5 d5 15.
Nxd5 Nxd5 16. Qh5 Bxg5 17. Bxg5 Nf6 18. Qh4 Qd4 19. Bxf6 Rxf6 20. Qxd4 Nxd4 21.
c3 Nc6 22. Rad1 Be6 23. Bxe6 Rxe6 24. b5 Na5 25. Rd7 c6 26. Rfd1 h6 27. bxc6
Rxc6 28. R1d5 b6 29. Rxe5 Rg6 30. Ree7 Nc6 31. Rf7 Ne5 32. Rxa7 Rxa7 33. Rxa7
Rc6 34. Rb7 Nd3 35. Kf1 Nc1 36. a4 Na2 37. c4 Nc3 38. Ra7 Rxc4 39. a5 b5 40. a6
Ra4 41. g3 b4 42. Rb7 Nd5 43. a7 Kh7 44. Ke2 Ra6 45. Kd3 Nc3 46. Rxb4 Na4 47.
Kc4 Rxa7 48. Rb1 Rc7+ 49. Kd4 Nc5 50. Rb5 Nd7 51. Rb2 Nf6 52. Ke3 Rc3+ 53. Kd2
Ne4+ 54. Ke2 Nxg3+ 55. fxg3 Rxg3 56. Kf1 Rxh3 57. Kg2 Rc3 58. Kh2 h5 59. Rb6 g6
60. Rb7+ Kh6 61. Rb5 h4 62. Rb8 Kh5 63. Rh8+ Kg4 64. Ra8 Rf3 65. Ra4+ Kh5 66.
Kg2 Rb3 67. Kh2 g5 68. Ra5 h3 69. Ra8 g4 70. Rh8+ Kg5 71. Rg8+ Kf4 72. Rf8+ Ke3
73. Kg3 Rb4 74. Re8+ Re4 75. Rf8 Kd2 76. Rg8 Ke1 77. Rf8 Re2 78. Kxg4 h2 79. Ra8
Kf1 80. Rh8 Kg2 81. Rh3 h1=Q 82. Rxh1 Kxh1 83. Kf3 Ra2 84. Kf4 Ra5 85. Ke4 Kg2
86. Kf4 Kf2 87. Ke4 Kg3 88. Kd4 Kf4 89. Kc4 Ke4 90. Kb4 Re5 91. Kc4 Rd5 92. Kc3
Rd4 93. Kb3 Kd3 94. Kb2 Rb4+ 95. Ka3 Kc3 96. Ka2 Rb5 97. Ka1 Kc2 0-1

[Event "TCh-TUR 2014"]
[Site "Konya TUR"]
[Date "2014.06.26"]
[Round "5.3"]
[White "Zarkua, Davit"]
[Black "Szabo, Bence"]
[Result "1-0"]
[WhiteTitle "IM"]
[BlackTitle "IM"]
[WhiteElo "2409"]
[BlackElo "2410"]
[WhiteTeam "Karsiyaka Satranc Spor Kulubu"]
[BlackTeam "Samandag Altin Piyon"]
[WhiteFideId "13602292"]
[BlackFideId "733776"]
[EventDate "2014.06.23"]

1. c4 c5 2. Nc3 g6 3. g3 Bg7 4. Bg2 Nc6 5. d3 e6 6. h4 Nf6 7. Nh3 O-O 8. Nf4 h5
9. O-O b6 10. e3 Bb7 11. d4 cxd4 12. exd4 Ng4 13. d5 Na5 14. Nfe2 exd5 15. cxd5
d6 16. Bg5 Bf6 17. Ne4 Be7 18. Rc1 Rc8 19. Qd4 f5 20. Rxc8 Bxc8 21. Bxe7 Qxe7
22. N4c3 Qe5 23. b4 Nb7 24. Qd2 Re8 25. Nf4 Kf7 26. Nb5 a6 27. Nc7 Re7 28. Nce6
Bd7 29. Rc1 Qf6 30. Nh3 Kg8 31. Nhg5 Ne5 32. Qc3 Bxe6 33. dxe6 Kg7 34. Qc8 d5
35. Bxd5 Nd6 36. Qd8 Ne8 37. Bg2 b5 38. Rd1 Nc7 39. f4 Ng4 40. Rd7 Rxd7 41.
Qxd7+ Kg8 42. Qc8+ 1-0

[Event "TCh-TUR 2014"]
[Site "Konya TUR"]
[Date "2014.06.26"]
[Round "5.3"]
[White "Nagy, Gabor1"]
[Black "Aghasiyev, Kamal"]
[Result "1/2-1/2"]
[WhiteTitle "IM"]
[BlackTitle "IM"]
[WhiteElo "2428"]
[BlackElo "2401"]
[WhiteTeam "Samandag Altin Piyon"]
[BlackTeam "Karsiyaka Satranc Spor Kulubu"]
[WhiteFideId "737119"]
[BlackFideId "13402854"]
[EventDate "2014.06.23"]

1. Nf3 Nf6 2. c4 g6 3. Nc3 Bg7 4. g3 O-O 5. Bg2 d6 6. O-O Nc6 7. d3 e5 8. Rb1 a5
9. a3 h6 10. b4 axb4 11. axb4 Be6 12. b5 Ne7 13. Bb2 Qd7 14. Re1 Bh3 15. Bh1 Ng4
16. Qb3 c5 17. Ra1 Rab8 18. Nd2 f5 19. Nd1 f4 20. f3 fxg3 21. hxg3 Nf6 22. Kh2
h5 23. Ne4 Be6 24. Ne3 Nf5 25. Nxf5 Bxf5 26. Nf2 g5 27. Rad1 g4 28. Bc1 Be6 29.
Qc2 Rf7 30. Bg2 Rbf8 31. Rh1 gxf3 32. exf3 Ng4+ 33. Nxg4 hxg4 34. f4 exf4 35.
Bxf4 Rxf4 36. gxf4 Qf7 37. Rdf1 g3+ 38. Kxg3 Qg6+ 39. Kh2 Qh5+ 40. Kg1 Bd4+ 41.
Rf2 Qg4 42. Kf1 Bxf2 43. Bh3 Qg3 44. Bxe6+ Kg7 45. f5 Ra8 46. f6+ Kxf6 47. Qxf2+
Qxf2+ 48. Kxf2 Kxe6 49. Rh7 Rf8+ 50. Ke3 Rf7 51. Ke4 1/2-1/2

[Event "TCh-TUR 2014"]
[Site "Konya TUR"]
[Date "2014.06.26"]
[Round "5.3"]
[White "Capan, Ozan"]
[Black "Arslan, Erdal"]
[Result "1/2-1/2"]
[WhiteElo "1927"]
[BlackElo "2017"]
[WhiteTeam "Karsiyaka Satranc Spor Kulubu"]
[BlackTeam "Samandag Altin Piyon"]
[WhiteFideId "6308708"]
[BlackFideId "6318916"]
[EventDate "2014.06.23"]

1. e4 c5 2. Nf3 Nc6 3. Bb5 e6 4. Bxc6 dxc6 5. d3 Qc7 6. Nc3 e5 7. h3 Nf6 8. Be3
Bd6 9. a4 Nd7 10. O-O Nf8 11. Nd2 Ne6 12. Nc4 O-O 13. Ne2 Nd4 14. Nxd6 Qxd6 15.
f4 Nxe2+ 16. Qxe2 exf4 17. Rxf4 f5 18. exf5 Bxf5 19. Qf2 Bg6 20. Rf1 Rxf4 21.
Qxf4 Qxf4 22. Rxf4 b6 23. Kf2 Rf8 24. b3 Rxf4+ 25. Bxf4 Kf7 26. Bb8 a6 27. Ba7
b5 28. Bxc5 bxa4 29. bxa4 Bf5 30. Ke3 Be6 31. Kd4 Bd5 32. g3 Bf3 33. a5 Bd1 34.
c3 Be2 35. h4 h5 36. Bd6 Ke6 37. Bf8 g6 38. c4 Kd7 39. Kc3 Kc7 40. d4 Kd7 41.
Kb4 Bf1 42. Kc5 Be2 43. Bh6 Bf1 44. Bf4 Be2 45. d5 cxd5 46. cxd5 Bb5 1/2-1/2

[Event "TCh-TUR 2014"]
[Site "Konya TUR"]
[Date "2014.06.26"]
[Round "5.3"]
[White "Yildizak, Goksel"]
[Black "Sen, Sezgin"]
[Result "1-0"]
[WhiteElo "1702"]
[BlackElo "1832"]
[WhiteTeam "Samandag Altin Piyon"]
[BlackTeam "Karsiyaka Satranc Spor Kulubu"]
[WhiteFideId "6315500"]
[BlackFideId "6331475"]
[EventDate "2014.06.23"]

1. d4 d5 2. Bf4 Nf6 3. Nf3 Bf5 4. e3 e6 5. Bd3 Bg6 6. h3 c5 7. c3 Nc6 8. Bxg6
hxg6 9. Nbd2 Qb6 10. Rb1 Qa6 11. dxc5 Qd3 12. Qb3 Qa6 13. Qc2 e5 14. Nxe5 Nxe5
15. Bxe5 Bxc5 16. b4 Be7 17. Nf3 O-O 18. Qe2 Qxe2+ 19. Kxe2 Rac8 20. Nd2 Nd7 21.
Bd4 Bf6 22. Bxf6 Nxf6 23. Rhc1 b5 24. a4 a6 25. axb5 axb5 26. Ra1 Rc6 27. Ra5
Rfc8 28. Kd3 Ne4 29. Nxe4 dxe4+ 30. Kxe4 Rxc3 31. Rxc3 Rxc3 32. Rxb5 Rc2 33. Kf3
f5 34. h4 Rc4 35. h5 gxh5 36. Rxf5 g6 37. Rb5 Kg7 38. Rb8 g5 39. b5 h4 40. e4
Rb4 41. b6 Kh7 1-0

[Event "TCh-TUR 2014"]
[Site "Konya TUR"]
[Date "2014.06.26"]
[Round "5.3"]
[White "Nurlu, Selin"]
[Black "Gulay, Ayca Nuriye"]
[Result "0-1"]
[WhiteElo "1575"]
[BlackElo "1653"]
[WhiteTeam "Karsiyaka Satranc Spor Kulubu"]
[BlackTeam "Samandag Altin Piyon"]
[WhiteFideId "6308236"]
[BlackFideId "6324363"]
[EventDate "2014.06.23"]

1. e4 c6 2. d4 Nf6 3. e5 Nd5 4. c4 Nc7 5. Nc3 d5 6. cxd5 cxd5 7. Bd3 Nc6 8. Nge2
g6 9. O-O Bg7 10. Re1 O-O 11. Be3 e6 12. Rc1 f5 13. Qd2 a6 14. Na4 Bd7 15. Nc5
Rb8 16. Bg5 Qe8 17. h4 Nb5 18. Bxb5 axb5 19. Ng3 Nd8 20. Bh6 Nf7 21. Bxg7 Kxg7
22. Ne2 h6 23. Rc3 Kh7 24. Rg3 g5 25. h5 b6 26. Na6 Rc8 27. Nc3 g4 28. Qd3 Kh8
29. f3 gxf3 30. Qxf3 Ng5 31. Qe2 Rc4 32. Rd1 b4 33. Nb1 Bb5 34. Nb8 Qxb8 35. Nd2
Qe8 36. Nxc4 Bxc4 37. Qd2 f4 38. Rg4 Qxh5 39. Qxb4 Nh7 40. Rg7 Qxd1+ 41. Kh2
Kxg7 42. Qe7+ Rf7 43. Qxe6 Ng5 44. Qxb6 f3 45. e6 Nxe6 46. Qxe6 fxg2 47. Qe5+
Kh7 48. Kxg2 Qf1+ 0-1

[Event "TCh-TUR 2014"]
[Site "Konya TUR"]
[Date "2014.06.26"]
[Round "5.3"]
[White "Ermis, Mehmet Eren"]
[Black "Tuna, Alp"]
[Result "1/2-1/2"]
[WhiteElo "1893"]
[BlackElo "1777"]
[WhiteTeam "Samandag Altin Piyon"]
[BlackTeam "Karsiyaka Satranc Spor Kulubu"]
[WhiteFideId "6328008"]
[BlackFideId "6372910"]
[EventDate "2014.06.23"]

1. a3 d5 2. Nf3 Nf6 3. g3 e6 4. Bg2 c5 5. O-O Be7 6. d4 b6 7. c4 Bb7 8. cxd5
exd5 9. Nc3 Ne4 10. e3 Nxc3 11. bxc3 O-O 12. a4 Ba6 13. Re1 Nc6 14. e4 dxe4 15.
Rxe4 Rc8 16. Re1 cxd4 17. cxd4 Bf6 18. Ba3 Re8 19. Rxe8+ Qxe8 20. Rc1 Nxd4 21.
Rxc8 Nxf3+ 22. Bxf3 Qxc8 23. Qd6 Qd8 24. Qb4 g6 25. Bd5 Bg7 26. Qf4 Qe8 27. Bb4
h5 28. h4 1/2-1/2

[Event "TCh-TUR 2014"]
[Site "Konya TUR"]
[Date "2014.06.26"]
[Round "5.3"]
[White "Kesgin, Halit Kaan"]
[Black "Ozates, Tuna"]
[Result "1/2-1/2"]
[WhiteElo "1823"]
[BlackElo "1850"]
[WhiteTeam "Karsiyaka Satranc Spor Kulubu"]
[BlackTeam "Samandag Altin Piyon"]
[WhiteFideId "6349137"]
[BlackFideId "6354521"]
[EventDate "2014.06.23"]

1. e4 Nf6 2. e5 Nd5 3. c4 Nb6 4. c5 Nd5 5. Nc3 e6 6. d4 d6 7. cxd6 cxd6 8. Nf3
Nc6 9. Nxd5 exd5 10. Be2 dxe5 11. dxe5 Be6 12. O-O Be7 13. Nd4 Nxd4 14. Qxd4 O-O
15. Be3 b6 16. b4 Rc8 17. Rfd1 Qd7 18. h4 f6 19. Bf4 fxe5 20. Bxe5 Bd6 21. Rac1
Bxe5 22. Qxe5 Rxc1 23. Rxc1 Rc8 24. Rd1 Rd8 25. Qd4 h6 26. Bd3 Bf5 27. Bxf5 Qxf5
28. Re1 Qf7 29. Re3 Qd7 30. Re5 Qd6 31. g3 Qf6 32. Kg2 Qd6 33. g4 Qd7 34. g5 Qd6
35. f4 Qd7 36. Kg3 hxg5 37. hxg5 Qf7 38. Kg4 Qd7+ 39. Kg3 Qd6 40. f5 a5 41. a3
axb4 42. axb4 Kf7 43. Kg4 b5 44. Qa7+ Rd7 1/2-1/2

[Event "TCh-TUR 2014"]
[Site "Konya TUR"]
[Date "2014.06.26"]
[Round "5.3"]
[White "Yassibag, Ipek Asli"]
[Black "Celik, Akarsu Bengi"]
[Result "1-0"]
[WhiteElo "1499"]
[BlackElo "1418"]
[WhiteTeam "Samandag Altin Piyon"]
[BlackTeam "Karsiyaka Satranc Spor Kulubu"]
[WhiteFideId "6342400"]
[BlackFideId "6348955"]
[EventDate "2014.06.23"]

1. e4 c5 2. c3 g6 3. Nf3 Bg7 4. d4 cxd4 5. cxd4 d5 6. e5 Nc6 7. Nc3 a6 8. Be3
Nh6 9. h3 Nf5 10. Bf4 e6 11. Qd2 Bd7 12. Be2 O-O 13. O-O b5 14. Bg5 Qb6 15. Rfd1
h6 16. Bf4 Kh7 17. Bf1 Na5 18. b3 b4 19. Ne2 Rac8 20. Ng3 Nxg3 21. Bxg3 Rc3 22.
Rac1 Rfc8 23. Bh4 Bb5 24. Be7 Bxf1 25. Bc5 Qb5 26. Rxf1 Rxc1 27. Rxc1 Nb7 28.
Be7 Rxc1+ 29. Qxc1 Na5 30. Qc7 Nc6 31. Bf6 Kg8 32. Nh4 Bf8 33. Qc8 a5 34. Nxg6
Qd3 35. Qxf8+ Kh7 36. Qg7# 1-0

[Event "TCh-TUR 2014"]
[Site "Konya TUR"]
[Date "2014.06.26"]
[Round "5.4"]
[White "Yelken, Mustafa"]
[Black "Iordachescu, Viorel"]
[Result "0-1"]
[BlackTitle "GM"]
[WhiteElo "2080"]
[BlackElo "2587"]
[WhiteTeam "Ego Spor Kulubu"]
[BlackTeam "Denizli Pamukkale Universitesi"]
[WhiteFideId "6334482"]
[BlackFideId "13900200"]
[EventDate "2014.06.23"]

1. e4 g6 2. d4 Bg7 3. Nc3 c6 4. Nf3 d6 5. Be3 Qb6 6. Qc1 Bg4 7. a4 a5 8. Qd2 Na6
9. Be2 Nb4 10. O-O Nf6 11. h3 Bxf3 12. Bxf3 O-O 13. g3 Qc7 14. Bg2 e5 15. Rfd1
Rad8 16. Na2 Nxa2 17. Rxa2 d5 18. exd5 Nxd5 19. Bxd5 Rxd5 20. c4 Rd7 21. d5 Rfd8
22. Ra3 cxd5 23. cxd5 e4 24. Rb3 Qc4 25. Rb5 Qxa4 26. Rxa5 Qb3 27. Ra3 Qc4 28.
Ra5 h5 29. Rc5 Qb3 30. Qc2 Qxc2 31. Rxc2 Be5 32. Rc4 f5 33. Rb4 h4 34. Bg5 Rxd5
35. Rxd5 Rxd5 36. Bxh4 Rd1+ 37. Kg2 Rd2 38. Bg5 Rxb2 39. Rc4 b5 40. Rc8+ Kf7 41.
Be3 g5 42. Rc5 Ke6 43. Bc1 Ra2 44. Rxb5 0-1

[Event "TCh-TUR 2014"]
[Site "Konya TUR"]
[Date "2014.06.26"]
[Round "5.4"]
[White "Eminov, Orkhan"]
[Black "Ercan, Fahri"]
[Result "1-0"]
[WhiteElo "2254"]
[BlackElo "2013"]
[WhiteTeam "Denizli Pamukkale Universitesi"]
[BlackTeam "Ego Spor Kulubu"]
[WhiteFideId "13402153"]
[BlackFideId "6301525"]
[EventDate "2014.06.23"]

1. e4 e6 2. Qe2 c5 3. Nf3 Nc6 4. g3 Nf6 5. Bg2 Be7 6. O-O O-O 7. c3 d5 8. e5 Nd7
9. d3 Qc7 10. Bf4 b5 11. Nbd2 a5 12. h4 a4 13. h5 Ba6 14. h6 g6 15. Rac1 Rab8
16. Rfe1 Rfc8 17. Nf1 Qa5 18. Ng5 a3 19. b3 c4 20. b4 Qd8 21. Qg4 Ncxe5 22. Nxe6
Nxg4 23. Nxd8 Bxd8 24. Bxb8 Rxb8 25. dxc4 bxc4 26. Bf3 Nxh6 27. Ne3 Ne5 28. Be2
Nd3 29. Bxd3 cxd3 30. Rcd1 Bc4 31. Nxd5 Bxa2 32. Rxd3 Bc4 33. Rd2 Kg7 34. Ne3
Be6 35. Ra1 a2 36. c4 Rxb4 37. Rxd8 Bxc4 38. Nxc4 Rxc4 39. Rxa2 Rc7 40. Ra6 Rb7
41. Kg2 Rc7 42. Rad6 Rb7 43. f3 Rc7 44. g4 Rb7 45. Ra6 Rc7 46. Raa8 g5 47. Rd5
f6 48. Rda5 Rd7 49. Kf2 Kg6 50. Ke3 Re7+ 51. Kd4 Rd7+ 52. Rd5 Re7 53. Rd6 Rc7
54. Rf8 Rf7 55. Rxf7 Nxf7 56. Ra6 Ne5 57. Ke4 Nf7 58. Ra8 Ne5 59. Rg8+ Kf7 60.
Rh8 Kg7 61. Re8 Nf7 62. Ra8 Nd6+ 63. Kd5 Nf7 64. Ke6 Ne5 65. Kf5 Nxf3 66. Ra7+
Kh6 67. Kxf6 Nh4 68. Ra3 Ng6 69. Ra5 Nh4 70. Rxg5 Nf3 71. Rh5# 1-0

[Event "TCh-TUR 2014"]
[Site "Konya TUR"]
[Date "2014.06.26"]
[Round "5.4"]
[White "Yalcin, Ozgun"]
[Black "Polatel, Ali"]
[Result "0-1"]
[WhiteElo "1880"]
[BlackElo "2177"]
[WhiteTeam "Ego Spor Kulubu"]
[BlackTeam "Denizli Pamukkale Universitesi"]
[WhiteFideId "6336400"]
[BlackFideId "6303196"]
[EventDate "2014.06.23"]

1. c4 b6 2. Nc3 c5 3. e4 Bb7 4. Nge2 d6 5. g3 g6 6. Bg2 Bg7 7. O-O Nc6 8. d3 Nf6
9. h3 O-O 10. Be3 Nd7 11. d4 cxd4 12. Nxd4 Rc8 13. b3 Nc5 14. Qd2 a6 15. Rfd1
Ne5 16. Bh6 Bxh6 17. Qxh6 Ne6 18. Qd2 Nc5 19. Qh6 Ne6 20. Qe3 Nxd4 21. Qxd4 Nd7
22. Qe3 Re8 23. Rac1 Bc6 24. Bf1 Rb8 25. a4 a5 26. Ne2 Qc8 27. Nd4 Ba8 28. Bg2
Qc5 29. Qd2 Nf6 30. Re1 Rbc8 31. Qe3 Nd7 32. Nb5 Qb4 33. Kh2 Qc5 34. Kg1 Bb7 35.
Rcd1 Ba6 36. Nd4 Qc7 37. Ne2 Nc5 38. Nf4 e6 39. Rb1 Bb7 40. Ne2 Bc6 41. Nd4 e5
42. Ne2 Qb7 43. Nc3 Ne6 44. Ne2 Rf8 45. Red1 Rcd8 46. Rd2 Nc5 47. f3 f5 48. Nc3
f4 49. gxf4 Rxf4 50. Ne2 Rf6 51. Rbd1 Qe7 52. Rb1 Rdf8 53. Rbd1 Kh8 54. Qg5 Rd8
55. Qe3 Kg7 56. Ng3 h6 57. Ne2 Kh7 58. Ng3 Qf8 59. Ne2 h5 60. Rb1 Qg7 61. Qg5
Rdf8 62. Qe3 Qh6 63. Qc3 Qg5 64. Kh2 h4 65. Rbd1 Bxe4 66. Rxd6 Bxf3 67. Bxf3
Rxf3 68. Rg1 Qxg1+ 69. Kxg1 Rf1+ 0-1

[Event "TCh-TUR 2014"]
[Site "Konya TUR"]
[Date "2014.06.26"]
[Round "5.4"]
[White "Ozturk, Emir"]
[Black "Ciftci, Ergin"]
[Result "1/2-1/2"]
[WhiteElo "2170"]
[BlackElo "1942"]
[WhiteTeam "Denizli Pamukkale Universitesi"]
[BlackTeam "Ego Spor Kulubu"]
[WhiteFideId "6302408"]
[BlackFideId "6341004"]
[EventDate "2014.06.23"]

1. d4 Nf6 2. c4 c5 3. d5 b5 4. cxb5 a6 5. bxa6 g6 6. Nc3 Bxa6 7. Nf3 d6 8. g3
Bg7 9. Bg2 O-O 10. Rb1 Nfd7 11. Bd2 Nb6 12. O-O Nc4 13. Qc1 Nxd2 14. Nxd2 Nd7
15. Re1 Qa5 16. Qc2 Rfb8 17. h4 Ra7 18. Rec1 Ne5 19. Bf1 Bh6 20. e3 Bxf1 21.
Kxf1 Rab7 22. Kg2 Qa6 23. Qa4 Qd3 24. Qc2 Qa6 25. Qa4 Qd3 26. Qc2 1/2-1/2

[Event "TCh-TUR 2014"]
[Site "Konya TUR"]
[Date "2014.06.26"]
[Round "5.4"]
[White "Adanmis, Ezgi"]
[Black "Kashlinskaya, Alina"]
[Result "0-1"]
[BlackTitle "WGM"]
[WhiteElo "1531"]
[BlackElo "2419"]
[WhiteTeam "Ego Spor Kulubu"]
[BlackTeam "Denizli Pamukkale Universitesi"]
[WhiteFideId "6360017"]
[BlackFideId "4198026"]
[EventDate "2014.06.23"]

1. e4 e5 2. Nf3 Nc6 3. Bb5 a6 4. Bxc6 dxc6 5. O-O Qd6 6. d4 exd4 7. Qxd4 Bg4 8.
Qxd6 Bxd6 9. Nc3 O-O-O 10. Ng5 Bh5 11. f4 h6 12. Nf3 Nf6 13. Kh1 Bb4 14. e5 Nd7
15. Be3 Rhe8 16. Nd4 Bc5 17. Rae1 Bg6 18. Rf2 Nxe5 19. fxe5 Bxd4 20. Bxd4 Rxd4
21. h3 Re6 22. Rfe2 b5 23. Rd1 Rxd1+ 24. Nxd1 f6 25. Nf2 c5 26. c3 Kb7 27. Kg1
Kc6 28. Kf1 Rxe5 29. Rxe5 fxe5 30. Ke2 Kd5 31. Ke3 Bb1 32. a3 Kc4 33. Kd2 Kb3
34. Kc1 Bf5 35. Nd1 Be4 36. g3 a5 37. Ne3 b4 38. axb4 0-1